| 000 | 00581nam a2200217Ia 4500 | ||
|---|---|---|---|
| 003 | 0100 | ||
| 008 | 130227s9999 xx 000 0 und d | ||
| 040 | _cARRUPELIB | ||
| 050 | _aLC93.G7E374 1989 | ||
| 245 | _aEducation policies | ||
| 245 | _bcontroversies and critiques | ||
| 260 | _aNew York | ||
| 260 | _bThe Falmer Press | ||
| 260 | _C1989 | ||
| 300 | _aviii | ||
| 300 | _b 234p. 24cm. | ||
| 650 | _bTime--Addresses, essays, lectures | ||
| 650 | _cPhenomenology--Addresses, essays, lectures | ||
| 700 | _aHargreaves, Andy ; Reynolds, David eds. | ||
| 942 |
_2lcc _06 |
||
| 999 |
_c2673 _d2673 |
||